01476nam a2200385 a 4500001001000000003000900010005001700019007000300036008004100039020001500080040003000095082002900125100005000154245015900204260000600363264004200369300005700411336002700468337003300495338002800528490007600556500005100632500007300683504004000756600006100796650002400857650002400881650002200905650002700927650002900954650002300983650002501006700003901031700002001070000012733DO-SdBPM20260129101948.0ta091116s2005 dr r 001 0 spa d a9993430749 aDO-SdBPMbspacBPMSUdrda 4aRD863.44bM647f 20052221 aMiller Otero, Fredy,d1918-1959eautor 4aut.10aFredy Miller realidad y leyenda :bcuentos, poemas y otros textos /cFredy Miller Otero ; presentación Jeannette Miller ; introducción Miguel D. Mena. c  aSanto Domingo :bBanco Central,c2005 a213 páginas :bilustracionnes retratos. ;c31 cm. atextobtxt2rdacontent asin mediaciónbn2rdamedia avolumenbnc2rdacarrier0 aBanco Central de la República DominicanaaArte y literaturav73/27v  aIncluye datos biográficos del autor : p. 213 aIncluye referencias bibliográficas y notas al pie de las páginas aBibliografía : páginas. 209-21017aMiller, Fredy d1918-1959xCrítica e interpretación  7aCuentos dominicanos 7aPoesía dominicana 7aNovela dominicana 7aLiteratura dominicana.z aShort stories, Dominicanz aDominican fictionsz aDominican literature1 aMiller, Jeannette,d1944-eeditora17aMena, Miguel D.